देवकी का बेटा / (Record no. 116147)

MARC details
000 -LEADER
fixed length control field 00965nam a22002657a 4500
005 - DATE AND TIME OF LATEST TRANSACTION
control field 20170124103035.0
010 ## - LIBRARY OF CONGRESS CONTROL NUMBER
LC control number 121436
020 ## - INTERNATIONAL STANDARD BOOK NUMBER
Terms of availability 03.00
035 ## - SYSTEM CONTROL NUMBER
System control number 121436
037 ## - SOURCE OF ACQUISITION
Source of stock number/acquisition Cen Lib/Ret
040 ## - CATALOGING SOURCE
Original cataloging agency DPL
Language of cataloging HN
082 ## - DEWEY DECIMAL CLASSIFICATION NUMBER
Classification number
Item number रांगेय
100 ## - MAIN ENTRY--PERSONAL NAME
Personal name रांगेय राघव
9 (RLIN) 102230
245 ## - TITLE STATEMENT
Title देवकी का बेटा /
Statement of responsibility, etc रांगेय राघव
246 ## - VARYING FORM OF TITLE
Title proper/short title Devki ka beta /
Remainder of title by Rangey Raghav
250 ## - EDITION STATEMENT
Edition statement 2nd ed
260 ## - PUBLICATION, DISTRIBUTION, ETC. (IMPRINT)
Place of publication, distribution, etc आगरा
Name of publisher, distributor, etc विनोद पुस्तक मन्दिर
Date of publication, distribution, etc 1956
270 ## - ADDRESS
Address हॉस्पिटल रोड
City आगरा
300 ## - PHYSICAL DESCRIPTION
Extent 164पृ.
Dimensions 17सेमी(सजिल्द)
650 ## - SUBJECT ADDED ENTRY--TOPICAL TERM
Topical term or geographic name as entry element हिन्दी -- साहित्य
9 (RLIN) 102231
650 ## - SUBJECT ADDED ENTRY--TOPICAL TERM
Topical term or geographic name as entry element हिन्दी -- उपन्यास
9 (RLIN) 102232
650 ## - SUBJECT ADDED ENTRY--TOPICAL TERM
Topical term or geographic name as entry element Hindi -- Literature
9 (RLIN) 102233
650 ## - SUBJECT ADDED ENTRY--TOPICAL TERM
Topical term or geographic name as entry element Hindi -- Fiction
9 (RLIN) 27248
942 ## - ADDED ENTRY ELEMENTS (KOHA)
Source of classification or shelving scheme Dewey Decimal Classification
Koha item type Hindi Books
Classification part
Call number suffix रांगेय
Holdings
Withdrawn status Lost status Damaged status Not for loan Home library Current library Date acquired Source of acquisition Cost, normal purchase price Total Checkouts Full call number Barcode Date last seen Copy number Cost, replacement price Price effective from Koha item type
Written off       Central Library Central Library 22/08/2015 Cen Lib/Ret 3.00   उ रांगेय 121436 22/08/2015 1 3.00 22/08/2015 Hindi Books

© Delhi Public Library
Hit Counter
free hit counter